Tuikha apat tuihum khualjinna: (Record no. 7588)

MARC details
000 -LEADER
fixed length control field 00493nam a2200169Ia 4500
003 - CONTROL NUMBER IDENTIFIER
control field GBCCL
005 - DATE AND TIME OF LATEST TRANSACTION
control field 20241126110632.0
008 - FIXED-LENGTH DATA ELEMENTS--GENERAL INFORMATION
fixed length control field 180822b ||||| |||| 00| 0 eng d
040 ## - CATALOGING SOURCE
Transcribing agency gbc
082 ## - DEWEY DECIMAL CLASSIFICATION NUMBER
Classification number VER 248
Item number DON
100 ## - MAIN ENTRY--PERSONAL NAME
Personal name Dongza thawng
9 (RLIN) 13399
245 ## - TITLE STATEMENT
Title Tuikha apat tuihum khualjinna:
Remainder of title A journey from bitter water to sweet water
260 ## - PUBLICATION, DISTRIBUTION, ETC.
Date of publication, distribution, etc. 2013.
Place of publication, distribution, etc. Churachandpur:
Name of publisher, distributor, etc. Door of hope for lamka publication,
300 ## - PHYSICAL DESCRIPTION
Extent 237p. ;
650 ## - SUBJECT ADDED ENTRY--TOPICAL TERM
Topical term or geographic name entry element Christian life
9 (RLIN) 183
942 ## - ADDED ENTRY ELEMENTS (KOHA)
Source of classification or shelving scheme Dewey Decimal Classification
Koha item type Books
Koha issues (borrowed), all copies 3
Holdings
Withdrawn status Lost status Source of classification or shelving scheme Damaged status Not for loan Home library Current Library Shelving location Date acquired Total checkouts Full call number Barcode Date last seen Date last checked out Copy number Price effective from Koha item type
    Dewey Decimal Classification     GRACE BIBLE COLLEGE GRACE BIBLE COLLEGE Vernacular 2018-08-28 3 VER 248 DON 003111 2025-05-01 2020-11-17 c.1 2018-08-28 Books
© Grace Bible College Library 2025